000 00476nam a2200193Ia 4500
005 20250326144118.0
008 250326s9999 xx 000 0 und d
037 _aTextbook
040 _aFMSL
_beng
_cFMSL
041 _aeng
_2eng
084 _aO1113N52 P3
_qFMSL
100 _aRoberts G D
_9691849
245 0 _aShantaram
_cRoberts G D
260 _c2003
365 _b450
650 _aNovel
942 _cTB
_hO1113N52 P3
999 _c1302406
_d1302406